|
|
|
|
| LEADER |
00820nab#a2200301#ar4500 |
| 001 |
000122321 |
| 003 |
SVKKK |
| 005 |
20180322122156.0 |
| 008 |
060224c1993 xo e hun |
| FMT |
|
|
|
| 038 |
|
|
|a SVKKK
|
| 040 |
|
|
|a SVKKK
|b slo
|e AACR2
|
| 041 |
0 |
|
|a hun
|
| 044 |
|
|
|a xo
|c SK
|
| 080 |
|
|
|a 929 Markusovszky, Lajos
|2 2008
|
| 080 |
|
|
|a 614
|2 2008
|
| 100 |
1 |
|
|a Kónya, Péter
|4 aut
|
| 242 |
1 |
0 |
|a Zakladateľ moderného maďarského zdravotníctva
|y slo
|
| 245 |
1 |
0 |
|a A modern magyar egészségügy megalapítója
|c Péter Kónya
|
| 300 |
|
|
|b Fotogr.
|
| 600 |
1 |
4 |
|a Markusovszky, Lajos
|x lekár, vedec
|d 1815-1893
|z Štrba (Slovensko)
|x rodák
|z profily
|
| 773 |
0 |
|
|t Vasárnap
|g Roč. 26, č. 20 (1993), s. 7
|
| 958 |
|
|
|a RK
|
| 974 |
|
|
|a Fav
|
| 992 |
|
|
|a RBX
|
| BAS |
|
|
|
| 852 |
|
|
|a SVKKK
|b BIB
|
| 998 |
|
|
|a REG
|